00414as aa2200109a 44500090002000000245001400020260005400034041001300088942001200101999001700113952017400130 aSERIADASb0101010aOTS Liana bOrganization for Tropical StudiesaEstados Unidos0 aInglés cREVISTA c17168d17168 001040708HEMEROTECAA1995CSpringaVillabVillad2001-03-22eFernández, Fernandol0oSERIADAS 01010p009772r2015-03-25 00:00:00t1w2015-03-25xDonaciónyREVISTA